000 00327nam a2200145Ia 4500
008 230711s9999||||xx |||||||||||||| ||und||
041 _aENG
082 _a800
_bLO-H
100 _aShourie,Arun
245 0 _aFalling over backwards
260 _c2006
_aNew Delhi
_bRupa.Co
300 _a378
650 _aLiterature
942 _cBK
999 _c5256
_d5256